LEADER 00903nam0-2200265 --450 001 9910510796603321 005 20211220143348.0 100 $a20211220d1964----kmuy0itay5050 ba 101 0 $ager 102 $aAT 105 $a 001yy 200 1 $aBilderstreit und Arabersturm in Byzanz$edas 8. Jahrhundert (717-813) aus der Weltchronik des Theophanes$fÜbersetzt, eingeleitet und erklärt von Leopold Breyer 205 $a2. verbesserte Aufl 210 $aGraz [etc.]$cStyria$d1964 215 $a242 p., [2] c. geogr. ripieg.$d19 cm 225 1 $aByzantinische Geschichtsschreiber$v6 700 0$aTheophanes$c$0396768 702 1$aBreyer,$bLeopold 801 0$aIT$bUNINA$gREICAT$2UNIMARC 901 $aBK 912 $a9910510796603321 952 $aP2B 620 BYZ GESCH 6$b7517$fFLFBC 959 $aFLFBC 996 $aBilderstreit und Arabersturm in Byzanz$92557110 997 $aUNINA